| 000 | 01164nam a2200337 i 4500 | ||
|---|---|---|---|
| 003 | DO-SdBPM | ||
| 005 | 20260505090812.0 | ||
| 006 | a||||br|||| 00| 0 | ||
| 007 | ta | ||
| 008 | 230705e2015 dr a|||| |||| 00| j spa d | ||
| 020 | _a9789945465846 | ||
| 040 |
_aDO-SdBPM _bspa _cBPMSU _erda _d |
||
| 082 | 0 | 4 |
_aRD863.5 _bT233r 2015 _222 |
| 100 | 1 |
_aTaveras, Amy _eautora _4aut. |
|
| 245 |
_aLa riqueza del cariño / _cAmy Taveras; edición al cuidado de: Iván Payano Tejada; ilustraciones, Víctor Manuel |
||
| 264 |
_aSanto Domingo : _bEdiciones CP, _c2015 |
||
| 300 |
_a39 páginas : _bIlustraciones ; _c22 cm |
||
| 336 |
_2rdaconten _atexto _btxt |
||
| 337 |
_2rdamedia _asin medición _bn |
||
| 338 |
_2rdacarrier _avolumen _bnc |
||
| 490 | 0 | _aLa Casa de los Cuentos | |
| 500 | _aIncluye ficha de comprensión lectora | ||
| 590 | _aInventariado 2026 / VM | ||
| 650 | 7 | _acuentos intantiles dominicanos | |
| 650 | 7 | _aLiteratura infantil dominicana | | |
| 650 | 7 | _aLibros ilustrados para niños | |
| 700 | 1 |
_aPayano Tejada, Iván, _eeditor |
|
| 700 | 1 |
_aManuel, Víctor, _eilustrador |
|
| 910 | _aVMateo V. Control de calidad. BPMSU | ||
| 942 |
_2ddc _cBK |
||
| 999 |
_c15815 _d15815 |
||